000 00349nam a2200145Ia 4500
008 190704s9999||||xx |||||||||||||| ||und||
020 _a9780240807362
082 _a302.234
_bRAB/D
100 _aRabiger, Michael
245 0 _aDeveloping Story Ideas
250 _a 2nd Edition
260 _aUK
_bElsevier inc
_c2006
300 _a241p
942 _cBK
999 _c6160
_d6160